| 000 | 00395nam a2200181Ia 4500 | ||
|---|---|---|---|
| 001 | 7982 | ||
| 005 | 20260306160535.0 | ||
| 008 | 260306t2006||||xx |||||||||||||| ||spa|| | ||
| 041 | _aESP | ||
| 082 |
_a368.004 _bB96 |
||
| 100 |
_aBustamante, Gabriel _eAUT |
||
| 245 | 0 | _aHablemos de seguros | |
| 260 | _c2006 | ||
| 300 |
_a _c |
||
| 650 | _aGEN | ||
| 654 | _aCHU | ||
| 942 |
_cLIB _dJUS _fJUS _2ddc _n |
||
| 999 |
_c7982 _d7982 |
||